000
00297nam a22000977a 4500
005
20250901165518.0
008
210522b |||||||| |||| 00| 0 eng d
050
_a
TK5105.5 .C66 2004
245
_a
Computer networks and internets
_c
COMER, DOUGLAS E.
942
_2
lcc
_h
TK5105.5 .C66 2004
999
_c
5098
_d
5098